Human Osteology / (Record no. 1074)

MARC details
000 -LEADER
fixed length control field 00435nam a22001817a 4500
003 - CONTROL NUMBER IDENTIFIER
control field OSt
005 - DATE AND TIME OF LATEST TRANSACTION
control field 20150225142705.0
008 - FIXED-LENGTH DATA ELEMENTS--GENERAL INFORMATION
fixed length control field 150225b xxu||||| |||| 00| 0 eng d
040 ## - CATALOGING SOURCE
Transcribing agency DNLM
082 ## - DEWEY DECIMAL CLASSIFICATION NUMBER
Classification number WE 200 C396h 1991
100 ## - MAIN ENTRY--PERSONAL NAME
Personal name B.D Chaurasia
9 (RLIN) 2892
245 ## - TITLE STATEMENT
Title Human Osteology /
260 ## - PUBLICATION, DISTRIBUTION, ETC. (IMPRINT)
Place of publication, distribution, etc. India:
Name of publisher, distributor, etc. CBS;
Date of publication, distribution, etc. 1991.
300 ## - PHYSICAL DESCRIPTION
Extent vii, 184 p :
Other physical details ill;
Dimensions 27 cm.
504 ## - BIBLIOGRAPHY, ETC. NOTE
Bibliography, etc index.
650 ## - SUBJECT ADDED ENTRY--TOPICAL TERM
Topical term or geographic name as entry element Osteology
9 (RLIN) 2893
942 ## - ADDED ENTRY ELEMENTS (KOHA)
Source of classification or shelving scheme Other/Generic Classification Scheme
Koha item type Short Loan
Holdings
Withdrawn status Lost status Source of classification or shelving scheme Damaged status Not for loan Home library Current library Date acquired Source of acquisition Inventory number Total Checkouts Full call number Barcode Date last seen Price effective from Koha item type
    Other/Generic Classification Scheme     MUST Main Library MUST Main Library 25/02/2015   WE 200 C396h 1991   WE 200 C396h 1991 2015-0350 25/02/2015 25/02/2015 Short Loan